000 01994cam a22003617a 4500
999 _c331926
_d331926
001 14327822
003 NUST
005 20171102123609.0
008 060404s2006 nyua 001 0 eng d
010 _a 2006296118
020 _a007158921x
035 _a(OCoLC)ocm62754581
040 _aSINAP
_cSINAP
_dTXA
_dBAKER
_dIWA
_dDLC
042 _alccopycat
050 0 0 _aTD201
_b.W337 no. 29
_aTD758.5.N87
082 0 0 _a628.1/68 s
_a628.357 WEF
_222
245 0 0 _aBiological nutrient removal (BNR) operation in wastewater treatment plants /
_cprepared by the Biological Nutrient Removal (BNR) Operation in Wastewater Treatment Plants Task Force of the Water Environment Federation and the American Society of Civil Engineers/Environmental and Water Resources Institute.
260 _aNew York :
_bMcGraw-Hill,
_cc2006.
300 _axliv, 597 p. :
_bill. ;
_c25 cm.
490 1 _aWEF manual of practice ;
_vno. 29
490 1 _aASCE/EWRI manuals and reports on engineering practice ;
_vno. 109
500 _aIncludes index.
500 _a"Manual of practice no. 30"--Cover.
501 _aH.B
650 0 _aSewage
_xPurification
_xNutrient removal.
_95723
710 2 _aWater Environment Federation.
_bBiological Nutrient Removal (BNR) Operation in Wastewater Treatment Plants Task Force.
_95864
710 2 _aEnvironmental and Water Resources Institute (U.S.)
_95865
830 0 _aManual of practice ;
_vno. 29.
_95866
830 0 _aASCE manuals and reports on engineering practice ;
_vno. 109
_95867
856 4 2 _3Contributor biographical information
_uhttp://www.loc.gov/catdir/enhancements/fy0634/2006296118-b.html
856 4 2 _3Publisher description
_uhttp://www.loc.gov/catdir/enhancements/fy0634/2006296118-d.html
856 4 1 _3Table of contents only
_uhttp://www.loc.gov/catdir/enhancements/fy0634/2006296118-t.html
906 _a7
_bcbc
_ccopycat
_d2
_encip
_f20
_gy-gencatlg
942 _2ddc
_cBK
_kIESE